000 01175nam a22002657a 4500
005 20101206113148.0
008 101206t xxu||||| |||| 00| 0 hin d
010 _aHIN-93290
020 _c250.00
_a8188855278
035 _aHN-65635
037 _bDBAD/PUB
040 _aDPL
_bHN
082 _a
100 _924598
_aलीला गोले
245 _aगोदावरी /
_cलीला गोले; सुभद्रा मालवी द्वारा मूल मराठी से अनुदित
260 _aदिल्ली
_bरचना प्रकाशन
_c2011
270 _bदिल्ली
_a1586/1ई, नवीन शाहदरा
_e110032
300 _a152पृ.
_c22सेमी (सजिल्द)
_bसचित्र
650 _91169
_aहिन्दी कथा साहित्य
650 _929580
_aHindi Novel
700 _924599
_aमालवी, सुभद्रा
700 _924924
942 _2ddc
_cHN
_mलीलागो
_h
999 _c54088
_d54088